| Tag |
First Indicator |
Second Indicator |
Subfields |
| LEADER |
00000cam a22000004a 4500 |
| 001 |
in00003528949 |
| 005 |
20151105200052.0 |
| 008 |
070911s2008 txua bs s001 0deng |
| 010 |
|
|
|a 2007937154
|
| 020 |
|
|
|a 9781892542465
|
| 020 |
|
|
|a 1892542463
|
| 035 |
|
|
|a (OCoLC)ocn276406123
|
| 035 |
|
|
|a (OCoLC)276406123
|
| 040 |
|
|
|a DLC
|b eng
|c DLC
|d OCLCF
|d OCLCO
|d UtOrBLW
|
| 043 |
|
|
|a n-us-tx
|
| 049 |
|
|
|a TXAM
|
| 050 |
0 |
0 |
|a KF299.W6
|b C457 2008
|
| 100 |
1 |
|
|a Chapman, Betty Trapp.
|
| 245 |
1 |
0 |
|a Rough road to justice :
|b the journey of women lawyers in Texas /
|c Betty Trapp Chapman.
|
| 264 |
|
1 |
|a Austin, TX :
|b State Bar of Texas,
|c 2008.
|
| 300 |
|
|
|a xii, 267 pages :
|b illustrations ;
|c 27 cm.
|
| 336 |
|
|
|a text
|b txt
|2 rdacontent
|
| 337 |
|
|
|a unmediated
|b n
|2 rdamedia
|
| 338 |
|
|
|a volume
|b nc
|2 rdacarrier
|
| 504 |
|
|
|a Includes bibliographical references (pages 221-233) and index.
|
| 650 |
|
0 |
|a Women lawyers
|z Texas
|x History
|y 20th century.
|
| 650 |
|
0 |
|a Sex discrimination against women
|z Texas.
|
| 650 |
|
7 |
|a Sex discrimination against women.
|2 fast
|0 (OCoLC)fst01114376
|
| 650 |
|
7 |
|a Women lawyers.
|2 fast
|0 (OCoLC)fst01178096
|
| 651 |
|
7 |
|a Texas.
|2 fast
|0 (OCoLC)fst01210336
|
| 648 |
|
7 |
|a 1900 - 1999
|2 fast
|
| 655 |
|
7 |
|a History.
|2 fast
|0 (OCoLC)fst01411628
|
| 948 |
|
|
|a cataloged
|b h
|c 2015/5/21
|d c
|e kwilliams
|f 9:49:56 am
|
| 994 |
|
|
|a C0
|b TXA
|
| 999 |
|
|
|a MARS
|
| 999 |
f |
f |
|s 69883d9c-15ba-38f8-9f0a-9475d261cd89
|i 5e9f1334-c816-365f-8393-0803a1f2836f
|t 0
|
| 952 |
f |
f |
|p normal
|a Texas A&M University
|b College Station
|c Sterling C. Evans Library
|d Evans: Library Stacks
|t 0
|e KF299.W6 C457 2008
|h Library of Congress classification
|i unmediated -- volume
|m A14843103376
|
| 998 |
f |
f |
|a KF299.W6 C457 2008
|t 0
|l Evans: Library Stacks
|